00746cam a2200181 a 4500008004100000020001500041035001200056050002100068100002000089245012600109260002900235300002100264500007800285504005600363651007700419700002800496700004000524030507s1989 sp 000 0 spa u a8486763193 aa429732 0aF1413 bM33 19891 aMacaulay, Neill13aEl nacimiento de los países latinoamericanos /cNeill Macaulay y David Bushnell ; tr. de José Carlos Gómez Borrero. aMadrid :bNerea, c1989. a328 p. ;c22 cm. aTraducción de: The emergence of Latin America in the nineteenth century aBibliografía: p. 309-319, cronología e índice 4aAmérica Latina xHistoria xGuerras de independencia, 1810-1830 2Lemb1 aBushnell, David, coaut.1 aGómez Borrero, José Carlos, tr.